El Parc Arqueològic de les Mines de Gavà : el principal centre d'interpretació del neolític de Catalunya el principal centre d'interpretació del neolític de Catalunya
Descripción Física:
fot. ; 30 cm
Materias:
Parc Arqueològic Mines de Gavà
MARC
| LEADER | 00000nam a2200000Ia 4500 | ||
|---|---|---|---|
| 001 | 19511 | ||
| 008 | 160829s9999 xx 000 0 cat d | ||
| 080 | |a FU-7-34 | ||
| 245 | |a El Parc Arqueològic de les Mines de Gavà : |b el principal centre d'interpretació del neolític de Catalunya | ||
| 260 | |a Fent Història: |b Associació Catalana d'Estudis Històrics, núm. 12 (2007), pàg. 10 - 11 | ||
| 300 | |a fot. ; |c 30 cm | ||
| 590 | |a Secció de la revista: Dossier | ||
| 650 | |a Parc Arqueològic Mines de Gavà |9 27462 | ||
| 901 | |a Arxiu | ||
| 942 | |n 1 | ||
| 952 | |0 0 |1 0 |4 0 |6 FU734 |7 1 |9 45382 |a Arxiu |b Arxiu |d 2016-12-01 |l 0 |o FU-7-34 |p 19511 |r 2016-12-01 00:00:00 |w 2016-12-01 |y ARXIU | ||
| 999 | |c 48463 |d 48463 | ||